Normal view MARC view
  • Speeches, addresses, etc.

Entry Topical Term

Number of records used in: 39

001 - CONTROL NUMBER

  • control field: 54

003 - CONTROL NUMBER IDENTIFIER

  • control field: OSt

005 - DATE AND TIME OF LATEST TRANSACTION

  • control field: 20170412125455.0

008 - FIXED-LENGTH DATA ELEMENTS

  • fixed length control field: 170412|| aca||aabn | a|a d

040 ## - CATALOGING SOURCE

  • Original cataloging agency: OSt
  • Transcribing agency: OSt

150 ## - HEADING--TOPICAL TERM

  • Topical term or geographic name entry element: Speeches, addresses, etc.

670 ## - SOURCE DATA FOUND

  • Source citation: Work cat.: (OSt)0: Mahathir Mohamad, Tun, 1925- 41, Politics, democracy and the new Asia /, 2000
Pusat Sumber Maklumat Dato' Haji Sarmin Md Hussin, Akademi Kastam Diraja Malaysia, Melaka
Tel: 06-2331106 | Faks: 06-2313787